000 00657nam a2200205 i 4500
001 83607
003 ES-MaACL
005 20250822100418.0
007 t|
008 041117s1959 sp ||||1| spa d
100 1 _aJacobs, W. W.
_965851
245 1 0 _aCaraduras /
_cW.W. Jacobs ; [traducción de Paquita Muns de Reichardt].
260 _aBarcelona :
_bG.P.,
_c[1959] (
_fGráf. Guada S.R.C.)
300 _a160 p. ;
_c17 cm.
490 1 _aLibros de humor "El Gorrión"
700 1 _aMuns de Reichardt, Francisca.
_984223
830 0 0 _aLibros de humor "El Gorrión"
_9181844
852 _aES-MaACL
_jC-18774
_bR.44620
999 _c83607
_d83607